[Event "39. Open Ciutat de Badalona 2013"]
[Site "Badalona ESP"]
[Date "2013.08.08"]
[Round "7.7"]
[White "Jerez Perez, Alfonso"]
[Black "Arenas, David"]
[Result "0-1"]
[WhiteElo "2377"]
[BlackElo "2443"]
[PlyCount "92"]
[EventDate "2013.08.02"]
[EventType "swiss"]
[EventRounds "9"]
[EventCountry "ESP"]
[SourceTitle "Ajedrez en Madrid"]
[Source "lmi"]
[SourceDate "2013.08.02"]
[SourceVersion "1"]
[SourceVersionDate "2018.07.18"]
[SourceQuality "1"]

1. e4 c5 2. c3 d5 3. exd5 Qxd5 4. d4 g6 5. Nf3 Bg7 6. c4 Qd6 7. d5 Nf6 8. Nc3
O-O 9. Be2 Na6 10. O-O e6 11. dxe6 Qxe6 12. Re1 Qb6 13. Nb5 Bf5 14. a3 Rfd8 15.
Qb3 Nc7 16. a4 Ne6 17. h3 h5 18. Be3 a6 19. Nbd4 Qxb3 20. Nxb3 Nd7 21. Ra2 a5
22. Rc1 b6 23. Bd2 Nb8 24. Bc3 Nc6 25. Bxg7 Kxg7 26. Nbd2 Ra7 27. b3 Nb4 28.
Raa1 Rad7 29. Nf1 Nf4 30. Bd1 Nfd3 31. Rc3 Nxf2 32. Kxf2 Rxd1 33. Rxd1 Rxd1 34.
Ne3 Rd8 35. Nxf5+ gxf5 36. Ke2 Kf6 37. Ne1 f4 38. Rf3 Ke5 39. Rf1 Ke4 40. Nf3
Nc6 41. Nd2+ Kd4 42. Kd1 Kc3 43. Rf3+ Rd3 44. h4 Nd4 45. Rxd3+ Kxd3 46. Ke1 Ne2
0-1

[Event "39. Open Ciutat de Badalona 2013"]
[Site "Badalona ESP"]
[Date "2013.08.08"]
[Round "7.8"]
[White "Valdes Romero, Leonardo"]
[Black "Flores Rios, Mauricio"]
[Result "1-0"]
[WhiteElo "2440"]
[BlackElo "2519"]
[PlyCount "69"]
[EventDate "2013.08.02"]
[EventType "swiss"]
[EventRounds "9"]
[EventCountry "ESP"]
[SourceTitle "Ajedrez en Madrid"]
[Source "lmi"]
[SourceDate "2013.08.02"]
[SourceVersion "1"]
[SourceVersionDate "2018.07.18"]
[SourceQuality "1"]

1. Nf3 c5 2. g3 Nc6 3. c4 e5 4. Nc3 g6 5. Bg2 Bg7 6. O-O Nge7 7. a3 a5 8. Ne1
d6 9. Nc2 O-O 10. d3 f5 11. Rb1 Be6 12. Bg5 Qd7 13. b4 axb4 14. axb4 e4 15. Qd2
cxb4 16. Nxb4 Nxb4 17. Rxb4 Nc6 18. Rbb1 Ne5 19. Rfc1 Rfc8 20. Qd1 h6 21. Bf4
Rab8 22. Nb5 g5 23. Be3 Rf8 24. dxe4 f4 25. Bd4 Bh3 26. Bxe5 Bxe5 27. Bxh3 Qxh3
28. Qf1 Qh5 29. Rb3 Rbc8 30. Qg2 g4 31. f3 Kh8 32. fxg4 Qxg4 33. Qf3 Qe6 34.
Qh5 fxg3 35. hxg3 1-0

[Event "39. Open Ciutat de Badalona 2013"]
[Site "Badalona ESP"]
[Date "2013.08.08"]
[Round "7.9"]
[White "Prasca Sosa, Rafael"]
[Black "Narciso Dublan, Marc"]
[Result "1-0"]
[WhiteElo "2426"]
[BlackElo "2505"]
[PlyCount "89"]
[EventDate "2013.08.02"]
[EventType "swiss"]
[EventRounds "9"]
[EventCountry "ESP"]
[SourceTitle "Ajedrez en Madrid"]
[Source "lmi"]
[SourceDate "2013.08.02"]
[SourceVersion "1"]
[SourceVersionDate "2018.07.18"]
[SourceQuality "1"]

1. e4 g6 2. d4 Bg7 3. Nc3 d6 4. Nf3 a6 5. a4 b6 6. Bc4 e6 7. O-O Ne7 8. Re1 O-O
9. Bf4 Nbc6 10. Qd2 e5 11. Bg5 Qd7 12. dxe5 dxe5 13. Nd5 Nxd5 14. Bxd5 Rb8 15.
Qc3 Bb7 16. Rad1 Nd4 17. Bxb7 Rxb7 18. Nxd4 exd4 19. Qb3 c5 20. c3 b5 21. axb5
Rxb5 22. Qc4 Rxb2 23. cxd4 Bxd4 24. Be3 Qe6 25. Qc1 Rb4 26. Bxd4 cxd4 27. Qa3
Rfb8 28. h3 R8b5 29. Qd3 a5 30. Ra1 Rc5 31. Qd2 Qb6 32. e5 Kg7 33. h4 h6 34. h5
gxh5 35. Ra3 h4 36. Kh2 Qg6 37. Rxa5 Rc2 38. Qxb4 Rxf2 39. Qb7 Qg3+ 40. Kh1 h3
41. Rg1 d3 42. Qf3 Qxf3 43. gxf3+ Kf8 44. Rd5 Rxf3 45. Rd1 1-0

[Event "39. Open Ciutat de Badalona 2013"]
[Site "Badalona ESP"]
[Date "2013.08.08"]
[Round "7.10"]
[White "Cori Quispe, Kevin"]
[Black "Perez Mitjans, Orelvis"]
[Result "0-1"]
[WhiteElo "2154"]
[BlackElo "2475"]
[PlyCount "60"]
[EventDate "2013.08.02"]
[EventType "swiss"]
[EventRounds "9"]
[EventCountry "ESP"]
[SourceTitle "Ajedrez en Madrid"]
[Source "lmi"]
[SourceDate "2013.08.02"]
[SourceVersion "1"]
[SourceVersionDate "2018.07.18"]
[SourceQuality "1"]

1. e4 c5 2. Nf3 g6 3. d4 cxd4 4. Nxd4 Nf6 5. Nc3 d6 6. Be3 Bg7 7. f3 O-O 8. Qd2
Nc6 9. O-O-O d5 10. exd5 Nxd5 11. Nxc6 bxc6 12. Bd4 e5 13. Bc5 Be6 14. Ne4 Re8
15. h4 h6 16. g4 Qc7 17. g5 h5 18. Bc4 Red8 19. Qf2 a5 20. a4 Rab8 21. b3 Nf4
22. Bd6 Rxd6 23. Nxd6 Bd5 24. Bxd5 cxd5 25. Nb5 Qc6 26. Qe1 Rxb5 27. axb5 Qxb5
28. Rh2 Qc5 29. Qf2 Qc3 30. Qe1 Nd3+ 0-1

[Event "39. Open Ciutat de Badalona 2013"]
[Site "Badalona ESP"]
[Date "2013.08.09"]
[Round "8.1"]
[White "Dvirnyy, Danyyil"]
[Black "Fluvia Poyatos, Joan"]
[Result "1/2-1/2"]
[WhiteElo "2549"]
[BlackElo "2491"]
[PlyCount "85"]
[EventDate "2013.08.02"]
[EventType "swiss"]
[EventRounds "9"]
[EventCountry "ESP"]
[SourceTitle "Ajedrez en Madrid"]
[Source "lmi"]
[SourceDate "2013.08.02"]
[SourceVersion "1"]
[SourceVersionDate "2018.07.18"]
[SourceQuality "1"]

1. Nf3 Nf6 2. c4 e6 3. g3 d5 4. Bg2 Be7 5. O-O O-O 6. b3 b6 7. Bb2 Bb7 8. e3
dxc4 9. bxc4 c5 10. Qe2 Nc6 11. Nc3 Rc8 12. Rfd1 Qc7 13. Rab1 Rfd8 14. Ba1 Qb8
15. Ne1 Nb4 16. Bxb7 Qxb7 17. a3 Nc6 18. d3 Ne8 19. f4 Bf6 20. g4 g6 21. g5 Bg7
22. Ne4 Bxa1 23. Rxa1 e5 24. Qf3 exf4 25. Qxf4 Qc7 26. Qxc7 Rxc7 27. Kf2 Ne5
28. Ke2 Rcd7 29. a4 Kg7 30. a5 h6 31. Rab1 hxg5 32. Nxg5 Nd6 33. Ngf3 Nxf3 34.
Nxf3 Rb7 35. Rdc1 Rdb8 36. axb6 axb6 37. Ra1 Re8 38. Kf2 b5 39. cxb5 Rxb5 40.
Rcb1 Rxb1 41. Rxb1 c4 42. dxc4 Nxc4 43. Rb3 1/2-1/2

[Event "39. Open Ciutat de Badalona 2013"]
[Site "Badalona ESP"]
[Date "2013.08.09"]
[Round "8.2"]
[White "Kjartansson, Gudmundur"]
[Black "Alsina Leal, Daniel"]
[Result "1/2-1/2"]
[WhiteElo "2434"]
[BlackElo "2538"]
[PlyCount "182"]
[EventDate "2013.08.02"]
[EventType "swiss"]
[EventRounds "9"]
[EventCountry "ESP"]
[SourceTitle "Ajedrez en Madrid"]
[Source "lmi"]
[SourceDate "2013.08.02"]
[SourceVersion "1"]
[SourceVersionDate "2018.07.18"]
[SourceQuality "1"]

1. c4 e5 2. g3 Nf6 3. Bg2 d5 4. cxd5 Nxd5 5. Nc3 Nb6 6. Nf3 Nc6 7. O-O Be7 8.
a3 O-O 9. b4 Be6 10. d3 a5 11. b5 Nd4 12. Rb1 Nxf3+ 13. Bxf3 Nd5 14. Bb2 f6 15.
Qc2 Rc8 16. Rfc1 Nxc3 17. Qxc3 c6 18. bxc6 bxc6 19. Qc2 Ba2 20. Ra1 Bd5 21.
Bxd5+ cxd5 22. Qa4 Qb6 23. Bc3 Bc5 24. Be1 Bd4 25. Rab1 Rxc1 26. Rxc1 Qb2 27.
Rc2 Qb1 28. Kf1 h6 29. Qc6 Kh7 30. Rc1 Qb3 31. Qd7 Bb2 32. Rc5 Rg8 33. Qxd5 Qd1
34. Rc4 a4 35. Qa5 Bxa3 36. Qxa4 Qxa4 37. Rxa4 Bc5 38. Rc4 Bb6 39. g4 Kg6 40.
e3 h5 41. h3 hxg4 42. hxg4 Ra8 43. Ke2 Ra2+ 44. Kf3 Ba5 45. Bxa5 Rxa5 46. Rc7
Ra2 47. d4 exd4 48. exd4 Rb2 49. Ke3 f5 50. gxf5+ Kxf5 51. Rxg7 Rb3+ 52. Ke2
Ke4 53. Rg4+ Kf5 54. f3 Rb2+ 55. Ke3 Rb3+ 56. Kf2 Rb2+ 57. Kg3 Rd2 58. Rf4+ Kg5
59. Re4 Kf5 60. Rh4 Kg5 61. Rf4 Kg6 62. Rh4 Kg5 63. f4+ Kf6 64. Rh6+ Ke7 65.
Kg4 Rxd4 66. Kg5 Kf7 67. f5 Rd1 68. Rh7+ Kg8 69. Re7 Kf8 70. Kf6 Rd6+ 71. Re6
Rd7 72. Ra6 Rf7+ 73. Ke6 Re7+ 74. Kf6 Rf7+ 75. Kg5 Rg7+ 76. Kf4 Rb7 77. Kg5
Rg7+ 78. Rg6 Rb7 79. Rc6 Rg7+ 80. Kf6 Rf7+ 81. Ke5 Re7+ 82. Re6 Kf7 83. Kd6 Ra7
84. Kd5 Ra5+ 85. Ke4 Ra4+ 86. Ke5 Ra5+ 87. Kf4 Ra1 88. Re4 Kf6 89. Re6+ Kf7 90.
Re4 Kf6 91. Re6+ Kf7 1/2-1/2

[Event "39. Open Ciutat de Badalona 2013"]
[Site "Badalona ESP"]
[Date "2013.08.09"]
[Round "8.4"]
[White "Perez Mitjans, Orelvis"]
[Black "Prasca Sosa, Rafael"]
[Result "1-0"]
[WhiteElo "2475"]
[BlackElo "2426"]
[PlyCount "47"]
[EventDate "2013.08.02"]
[EventType "swiss"]
[EventRounds "9"]
[EventCountry "ESP"]
[SourceTitle "Ajedrez en Madrid"]
[Source "lmi"]
[SourceDate "2013.08.02"]
[SourceVersion "1"]
[SourceVersionDate "2018.07.18"]
[SourceQuality "1"]

1. e4 e6 2. d4 d5 3. Nc3 Bb4 4. e5 c5 5. Bd2 Ne7 6. a3 Bxc3 7. Bxc3 cxd4 8.
Qxd4 Nbc6 9. Qg4 Nf5 10. Nf3 h5 11. Qf4 Rg8 12. h4 f6 13. g4 hxg4 14. Qxg4 d4
15. O-O-O fxe5 16. Bb5 Qf6 17. Bxc6+ bxc6 18. Bd2 Ne7 19. Rhe1 c5 20. Nxe5 g6
21. Qe2 Bd7 22. Bg5 Qf5 23. Qa6 Rg7 24. Nxd7 1-0

[Event "39. Open Ciutat de Badalona 2013"]
[Site "Badalona ESP"]
[Date "2013.08.09"]
[Round "8.5"]
[White "Ynojosa, Felix Jose"]
[Black "Escobar Forero, Alder"]
[Result "1-0"]
[WhiteElo "2405"]
[BlackElo "2466"]
[PlyCount "77"]
[EventDate "2013.08.02"]
[EventType "swiss"]
[EventRounds "9"]
[EventCountry "ESP"]
[SourceTitle "Ajedrez en Madrid"]
[Source "lmi"]
[SourceDate "2013.08.02"]
[SourceVersion "1"]
[SourceVersionDate "2018.07.18"]
[SourceQuality "1"]

1. e4 c5 2. c3 d5 3. exd5 Qxd5 4. d4 Nf6 5. Nf3 e6 6. Be2 Nc6 7. O-O cxd4 8.
cxd4 Be7 9. Nc3 Qd6 10. Nb5 Qd8 11. Bf4 Nd5 12. Bg3 a6 13. Nc3 O-O 14. Rc1 Nxc3
15. bxc3 Qa5 16. Qb3 Rd8 17. Rfd1 Ba3 18. Rb1 b5 19. c4 bxc4 20. Bxc4 Ne7 21.
Ne5 Bd6 22. Nxf7 Rb8 23. Qf3 Rxb1 24. Rxb1 Bxg3 25. Nxd8 Bxh2+ 26. Kxh2 Qxd8
27. Qe2 Kf7 28. Qh5+ Kf8 29. Qc5 Kf7 30. Rb3 g6 31. Rb8 Qd7 32. Rb6 Qd8 33. Rd6
Qf8 34. Qe5 Qh6+ 35. Kg1 Qc1+ 36. Bf1 Nc6 37. Qc5 Qxc5 38. dxc5 Nb4 39. Rd8 1-0

[Event "39. Open Ciutat de Badalona 2013"]
[Site "Badalona ESP"]
[Date "2013.08.09"]
[Round "8.6"]
[White "Valdes Romero, Leonardo"]
[Black "Fluvia Poyatos, Jordi"]
[Result "0-1"]
[WhiteElo "2440"]
[BlackElo "2447"]
[PlyCount "130"]
[EventDate "2013.08.02"]
[EventType "swiss"]
[EventRounds "9"]
[EventCountry "ESP"]
[SourceTitle "Ajedrez en Madrid"]
[Source "lmi"]
[SourceDate "2013.08.02"]
[SourceVersion "1"]
[SourceVersionDate "2018.07.18"]
[SourceQuality "1"]

1. Nf3 Nf6 2. g3 g6 3. Bg2 Bg7 4. O-O O-O 5. c4 d6 6. Nc3 e5 7. d3 h6 8. Rb1 a5
9. a3 Re8 10. Nd2 c6 11. b4 axb4 12. axb4 d5 13. Qc2 Be6 14. Bb2 Nbd7 15. Rfe1
Bf8 16. Ba1 Qc7 17. e3 Nb6 18. Ne2 Ra3 19. c5 Nbd7 20. Bb2 Ra2 21. Nc3 Raa8 22.
Ra1 b6 23. Rxa8 Rxa8 24. d4 bxc5 25. bxc5 exd4 26. exd4 Bf5 27. Qb3 Rb8 28. Qa3
Qb7 29. Nd1 Bg7 30. Bc3 Ra8 31. Qc1 Nf8 32. Bf1 Ne4 33. Ne3 Nxd2 34. Qxd2 Be4
35. Nc4 Qb3 36. Na5 Rxa5 37. Bxa5 Qf3 38. Rxe4 Qxe4 39. Bc3 Ne6 40. Bd3 Qg4 41.
Be2 Qg5 42. Qe3 Kf8 43. f4 Qe7 44. Kf2 f5 45. Qd3 Nxc5 46. Qc2 Ne4+ 47. Kf1 c5
48. Ba5 Bxd4 49. Qb3 Nf6 50. Qb8+ Kf7 51. Bb5 Qe3 52. Qc7+ Kg8 53. Qd8+ Kh7 54.
Qc7+ Kh8 55. Qd8+ Kg7 56. Qc7+ Kf8 57. Qd8+ Kf7 58. Qc7+ Qe7 59. Qc8 c4 60. Qb8
Qe3 61. Qc7+ Kg8 62. Qd8+ Kg7 63. Qc7+ Kh8 64. Kg2 Qe2+ 65. Kh3 Ng4 0-1

[Event "39. Open Ciutat de Badalona 2013"]
[Site "Badalona ESP"]
[Date "2013.08.09"]
[Round "8.8"]
[White "Padeiro, Jose"]
[Black "Vocaturo, Daniele"]
[Result "0-1"]
[WhiteElo "2338"]
[BlackElo "2549"]
[PlyCount "74"]
[EventDate "2013.08.02"]
[EventType "swiss"]
[EventRounds "9"]
[EventCountry "ESP"]
[SourceTitle "Ajedrez en Madrid"]
[Source "lmi"]
[SourceDate "2013.08.02"]
[SourceVersion "1"]
[SourceVersionDate "2018.07.18"]
[SourceQuality "1"]

1. e4 d6 2. d4 Nf6 3. Nc3 g6 4. Be3 c6 5. Qd2 Nbd7 6. f3 b5 7. a4 b4 8. Nce2 a5
9. Ng3 Bg7 10. h4 h5 11. Nh3 Qc7 12. Ng5 O-O 13. Be2 c5 14. c3 Nb6 15. O-O bxc3
16. Qxc3 Nfd5 17. exd5 Nxd5 18. Qd2 Nxe3 19. Rfc1 Qb8 20. dxc5 dxc5 21. N3e4
Qxb2 22. Ra2 Qxd2 23. Rxd2 Bd4 24. Kh2 Nf5 25. g4 hxg4 26. fxg4 Nd6 27. Rf1
Nxe4 28. Nxe4 Ba6 29. h5 Kg7 30. Kg2 gxh5 31. gxh5 f5 32. Ng5 Rf6 33. Nf3 e5
34. Rb1 Bxe2 35. Rxe2 e4 36. Nh4 Kh6 37. Rf1 Rg8+ 0-1

[Event "39. Open Ciutat de Badalona 2013"]
[Site "Badalona ESP"]
[Date "2013.08.09"]
[Round "8.9"]
[White "Panelo, Marcelo"]
[Black "Chueca Forcen, Alberto"]
[Result "1-0"]
[WhiteElo "2438"]
[BlackElo "2313"]
[PlyCount "117"]
[EventDate "2013.08.02"]
[EventType "swiss"]
[EventRounds "9"]
[EventCountry "ESP"]
[SourceTitle "Ajedrez en Madrid"]
[Source "lmi"]
[SourceDate "2013.08.02"]
[SourceVersion "1"]
[SourceVersionDate "2018.07.18"]
[SourceQuality "1"]

1. d4 Nf6 2. c4 e6 3. Nc3 c5 4. d5 exd5 5. cxd5 d6 6. e4 g6 7. h3 Bg7 8. Nf3 a6
9. a4 O-O 10. Bd3 Nbd7 11. O-O Nh5 12. Bg5 Bf6 13. Be3 Ne5 14. Be2 Nxf3+ 15.
Bxf3 Ng7 16. Qd2 Rb8 17. Rab1 b5 18. axb5 axb5 19. b4 c4 20. Bd4 Bd7 21. Rfe1
Re8 22. Ra1 Be5 23. Ra7 Ra8 24. Rea1 Rxa7 25. Rxa7 f5 26. Bxe5 Rxe5 27. exf5
gxf5 28. Qh6 Qe7 29. g3 Ne8 30. Nxb5 Re1+ 31. Kg2 Rb1 32. Qd2 f4 33. g4 h5 34.
Na3 Ra1 35. Qe2 Qxe2 36. Bxe2 hxg4 37. hxg4 c3 38. Rxd7 Rxa3 39. Rd8 Kf7 40. g5
Ke7 41. Rc8 Ng7 42. Rc7+ Kf8 43. Bd3 Rb3 44. Rc4 Nh5 45. Bc2 Rb2 46. Bg6 Ng3
47. Rxc3 Ne2 48. Rc4 Rb3 49. Bh5 Nc3 50. Rxf4+ Kg7 51. Rf7+ Kg8 52. Rf3 Ra3 53.
Bg6 Kg7 54. Bc2 Kg8 55. b5 Nxb5 56. Rxa3 Nxa3 57. Bd3 Kg7 58. f4 Kf7 59. f5 1-0

[Event "39. Open Ciutat de Badalona 2013"]
[Site "Badalona ESP"]
[Date "2013.08.09"]
[Round "8.10"]
[White "Gallego Alcaraz, Andres Felipe"]
[Black "Oms Fuentes, Lluis"]
[Result "1-0"]
[WhiteElo "2421"]
[BlackElo "2288"]
[PlyCount "81"]
[EventDate "2013.08.02"]
[EventType "swiss"]
[EventRounds "9"]
[EventCountry "ESP"]
[SourceTitle "Ajedrez en Madrid"]
[Source "lmi"]
[SourceDate "2013.08.02"]
[SourceVersion "1"]
[SourceVersionDate "2018.07.18"]
[SourceQuality "1"]

1. d4 f5 2. Bg5 g6 3. Nd2 Bg7 4. e3 Nf6 5. Bd3 d6 6. f4 O-O 7. Ngf3 c6 8. c3 d5
9. Ne5 Nbd7 10. Ndf3 e6 11. Qe2 Qc7 12. Nxd7 Bxd7 13. Bxf6 Bxf6 14. O-O-O c5
15. Ne5 Bxe5 16. fxe5 c4 17. Bb1 b5 18. g4 b4 19. gxf5 exf5 20. Qd2 bxc3 21.
Qxc3 Rab8 22. h4 Rb6 23. Rdg1 h5 24. Rg2 Kf7 25. Rhg1 Rg8 26. Rf1 Qb7 27. Rf4
Be6 28. Rf1 a5 29. Bc2 a4 30. Rfg1 Bd7 31. Bd1 Rh8 32. Qa3 c3 33. bxc3 Rb1+ 34.
Kd2 Rb2+ 35. Ke1 Rxg2 36. Rxg2 Qc7 37. Rb2 Rc8 38. Kd2 Kg8 39. Bf3 Be6 40. Rb5
Qf7 41. Qd6 1-0

[Event "39. Open Ciutat de Badalona 2013"]
[Site "Badalona ESP"]
[Date "2013.08.10"]
[Round "9.1"]
[White "Fluvia Poyatos, Joan"]
[Black "Guerra Mendez, Jose Angel"]
[Result "1/2-1/2"]
[WhiteElo "2491"]
[BlackElo "2516"]
[PlyCount "25"]
[EventDate "2013.08.02"]
[EventType "swiss"]
[EventRounds "9"]
[EventCountry "ESP"]
[SourceTitle "Ajedrez en Madrid"]
[Source "lmi"]
[SourceDate "2013.08.02"]
[SourceVersion "1"]
[SourceVersionDate "2018.07.18"]
[SourceQuality "1"]

1. e4 e5 2. Nf3 Nc6 3. Bb5 a6 4. Ba4 Nf6 5. O-O Be7 6. Re1 b5 7. Bb3 d6 8. c3
O-O 9. h3 Na5 10. Bc2 c5 11. d4 Qc7 12. Nbd2 cxd4 13. cxd4 1/2-1/2

[Event "39. Open Ciutat de Badalona 2013"]
[Site "Badalona ESP"]
[Date "2013.08.10"]
[Round "9.2"]
[White "Alsina Leal, Daniel"]
[Black "Dvirnyy, Danyyil"]
[Result "1-0"]
[WhiteElo "2538"]
[BlackElo "2549"]
[PlyCount "82"]
[EventDate "2013.08.02"]
[EventType "swiss"]
[EventRounds "9"]
[EventCountry "ESP"]
[SourceTitle "Ajedrez en Madrid"]
[Source "lmi"]
[SourceDate "2013.08.02"]
[SourceVersion "1"]
[SourceVersionDate "2018.07.18"]
[SourceQuality "1"]

1. e4 e5 2. Nf3 Nc6 3. Nc3 Nf6 4. d4 exd4 5. Nxd4 Bb4 6. Nxc6 bxc6 7. Bd3 d5 8.
exd5 cxd5 9. O-O O-O 10. h3 c6 11. Qf3 Bd6 12. Bf4 Rb8 13. b3 Rb4 14. Ne2 Bxf4
15. Nxf4 Qd6 16. Nh5 Nxh5 17. Qxh5 g6 18. Qg5 Kg7 19. Rae1 Qf6 20. Qe3 Rb6 21.
Qc5 Rb7 22. Re3 Rd8 23. Rfe1 Rc7 24. Re8 Qd6 25. Qd4+ f6 26. Rxd8 Qxd8 27. Qc5
Qf8 28. b4 Qxc5 29. bxc5 Kf7 30. Kf1 g5 31. Rb1 h5 32. Ke2 Rb7 33. Rxb7+ Bxb7
34. Bf5 Ba6+ 35. Ke3 Bf1 36. g3 Bb5 37. h4 Bc4 38. a3 Bb5 39. Kd4 Ke7 40. Bg6
Be2 41. Ke3 Bd1 1-0

[Event "39. Open Ciutat de Badalona 2013"]
[Site "Badalona ESP"]
[Date "2013.08.10"]
[Round "9.4"]
[White "Ynojosa, Felix Jose"]
[Black "Kjartansson, Gudmundur"]
[Result "1-0"]
[WhiteElo "2405"]
[BlackElo "2434"]
[PlyCount "93"]
[EventDate "2013.08.02"]
[EventType "swiss"]
[EventRounds "9"]
[EventCountry "ESP"]
[SourceTitle "Ajedrez en Madrid"]
[Source "lmi"]
[SourceDate "2013.08.02"]
[SourceVersion "1"]
[SourceVersionDate "2018.07.18"]
[SourceQuality "1"]

1. d4 Nf6 2. Nf3 b6 3. e3 Bb7 4. Bd3 e6 5. b3 d5 6. Bb2 Nbd7 7. O-O Bd6 8. c4
O-O 9. Nc3 a6 10. Rc1 Qe7 11. Qe2 c5 12. dxc5 Nxc5 13. cxd5 exd5 14. Nd4 g6 15.
Bb1 b5 16. Qf3 Nfe4 17. Rfd1 Rac8 18. Nde2 Be5 19. Qh3 h5 20. f4 Bh8 21. Nxe4
Bxb2 22. Rxc5 Rxc5 23. Nxc5 Qxc5 24. f5 Re8 25. Kf2 Qd6 26. fxg6 fxg6 27. Qg3
Qxg3+ 28. hxg3 Rf8+ 29. Ke1 g5 30. Nd4 Bc8 31. Nf3 g4 32. Nd4 b4 33. Ke2 a5 34.
Nc6 d4 35. Nxd4 Re8 36. e4 Ba6+ 37. Ke3 Rc8 38. Bd3 Bxd3 39. Rxd3 Kf7 40. Ne2
Bf6 41. Rd5 Bd8 42. Kd3 Ra8 43. Rxh5 a4 44. Rb5 axb3 45. axb3 Be7 46. Nf4 Rc8
47. Rf5+ 1-0

[Event "39. Open Ciutat de Badalona 2013"]
[Site "Badalona ESP"]
[Date "2013.08.10"]
[Round "9.6"]
[White "Valsecchi, Alessio"]
[Black "Arenas, David"]
[Result "1-0"]
[WhiteElo "2412"]
[BlackElo "2443"]
[PlyCount "73"]
[EventDate "2013.08.02"]
[EventType "swiss"]
[EventRounds "9"]
[EventCountry "ESP"]
[SourceTitle "Ajedrez en Madrid"]
[Source "lmi"]
[SourceDate "2013.08.02"]
[SourceVersion "1"]
[SourceVersionDate "2018.07.18"]
[SourceQuality "1"]

1. d4 Nf6 2. c4 g6 3. Nf3 Bg7 4. Nc3 O-O 5. e4 d6 6. h3 e5 7. d5 Na6 8. Bg5 Qe8
9. g4 Kh8 10. Nd2 Ng8 11. h4 f5 12. gxf5 gxf5 13. Be2 Nf6 14. a3 Nc5 15. Qc2
Nfxe4 16. Ndxe4 fxe4 17. O-O-O Rxf2 18. Be3 Nd3+ 19. Kb1 Rg2 20. h5 Nf4 21.
Qxe4 Qf8 22. Bd3 Nxd3 23. Qxg2 Nf4 24. Qf3 Bf5+ 25. Ka1 Bh6 26. Rhg1 a6 27. c5
Re8 28. cxd6 cxd6 29. Rdf1 Bd3 30. Rf2 Qf5 31. Qd1 b5 32. Qd2 a5 33. Nxb5 Bxb5
34. Qxa5 Qd3 35. Qa7 Bc4 36. Rxf4 Qb3 37. Rxc4 1-0

[Event "39. Open Ciutat de Badalona 2013"]
[Site "Badalona ESP"]
[Date "2013.08.10"]
[Round "9.7"]
[White "Flores Rios, Mauricio"]
[Black "Panelo, Marcelo"]
[Result "1-0"]
[WhiteElo "2519"]
[BlackElo "2438"]
[PlyCount "67"]
[EventDate "2013.08.02"]
[EventType "swiss"]
[EventRounds "9"]
[EventCountry "ESP"]
[SourceTitle "Ajedrez en Madrid"]
[Source "lmi"]
[SourceDate "2013.08.02"]
[SourceVersion "1"]
[SourceVersionDate "2018.07.18"]
[SourceQuality "1"]

1. e4 c5 2. Nf3 d6 3. d4 Nf6 4. Nc3 cxd4 5. Nxd4 a6 6. Be3 e5 7. Nb3 Be6 8. f3
Be7 9. Qd2 O-O 10. O-O-O Nbd7 11. g4 b5 12. g5 b4 13. Ne2 Ne8 14. f4 a5 15. f5
a4 16. fxe6 axb3 17. exf7+ Rxf7 18. Kb1 Rxa2 19. Nc1 Qa8 20. Nxb3 Kh8 21. Bb5
Bxg5 22. Bxg5 Ndf6 23. Qxb4 Rfa7 24. c3 Nxe4 25. Rhf1 N8f6 26. Bxf6 gxf6 27.
Bd3 Nc5 28. Nxc5 dxc5 29. Qb6 Rf7 30. Kc1 Ra1+ 31. Bb1 Rf8 32. Qd6 c4 33. Qe7
Ra7 34. Rd7 1-0

[Event "39. Open Ciutat de Badalona 2013"]
[Site "Badalona ESP"]
[Date "2013.08.10"]
[Round "9.8"]
[White "Vidarte Morales, Arturo"]
[Black "Lorenzo De La Riva, Lazaro"]
[Result "0-1"]
[WhiteElo "2351"]
[BlackElo "2449"]
[PlyCount "54"]
[EventDate "2013.08.02"]
[EventType "swiss"]
[EventRounds "9"]
[EventCountry "ESP"]
[SourceTitle "Ajedrez en Madrid"]
[Source "lmi"]
[SourceDate "2013.08.02"]
[SourceVersion "1"]
[SourceVersionDate "2018.07.18"]
[SourceQuality "1"]

1. d4 Nf6 2. c4 g6 3. Nc3 Bg7 4. e4 d6 5. f4 O-O 6. Nf3 c5 7. d5 e6 8. dxe6
fxe6 9. Bd3 Nc6 10. O-O Nd4 11. Ng5 e5 12. f5 gxf5 13. exf5 b5 14. b3 h6 15.
Nge4 Nxe4 16. Bxe4 Bxf5 17. Bxf5 Nxf5 18. Nxb5 a6 19. Nc3 e4 20. Qd5+ Kh8 21.
Bb2 Qg5 22. Rae1 Bd4+ 23. Kh1 Qh5 24. Nxe4 Bxb2 25. g3 Rae8 26. Nxd6 Nxg3+ 27.
Kg2 Re2+ 0-1

[Event "39. Open Ciutat de Badalona 2013"]
[Site "Badalona ESP"]
[Date "2013.08.10"]
[Round "9.10"]
[White "Prasca Sosa, Rafael"]
[Black "Hernando Rodrigo, Julio Antoni"]
[Result "1/2-1/2"]
[WhiteElo "2426"]
[BlackElo "2327"]
[PlyCount "135"]
[EventDate "2013.08.02"]
[EventType "swiss"]
[EventRounds "9"]
[EventCountry "ESP"]
[SourceTitle "Ajedrez en Madrid"]
[Source "lmi"]
[SourceDate "2013.08.02"]
[SourceVersion "1"]
[SourceVersionDate "2018.07.18"]
[SourceQuality "1"]

1. e4 e6 2. d4 d5 3. Nc3 dxe4 4. Nxe4 Nd7 5. Nf3 Ngf6 6. Bg5 Be7 7. Nxf6+ Bxf6
8. Bxf6 Qxf6 9. Qd2 O-O 10. Qe3 c5 11. O-O-O cxd4 12. Rxd4 e5 13. Rd2 Qe7 14.
Bc4 Kh8 15. Re1 f6 16. Nh4 Nb6 17. Bb3 g5 18. Nf3 Qc7 19. Nxg5 fxg5 20. Qxg5
Bf5 21. g4 Bg6 22. Rxe5 Rae8 23. Rde2 Rxe5 24. Rxe5 Nd7 25. Re7 Rxf2 26. Re8+
Nf8 27. Qe5+ Qxe5 28. Rxe5 Rxh2 29. Re7 Rg2 30. Rxb7 Rxg4 31. Rxa7 h5 32. Bd5
h4 33. Ra3 Nh7 34. Re3 Nf6 35. Bb7 Ne4 36. b3 Rg1+ 37. Kb2 Nf2 38. Rf3 Nd1+ 39.
Ka3 Kg7 40. c4 Rg3 41. Rf1 Ne3 42. Rh1 Nxc4+ 43. Kb4 Nd6 44. Bc6 Rg4+ 45. Kc5
Ne4+ 46. Kb6 Bf7 47. Rh2 Kh6 48. a4 Bxb3 49. a5 Bc4 50. a6 Bxa6 51. Kxa6 Kg5
52. Re2 Ng3 53. Re8 Nf5 54. Rg8+ Kf4 55. Rh8 Rg6 56. Kb5 Rh6 57. Rxh6 Nxh6 58.
Kc5 Nf5 59. Kc4 Ke3 60. Bg2 Ne7 61. Bh3 Ng6 62. Kc3 Nf4 63. Bc8 Kf3 64. Kd2 Ng2
65. Bd7 Kf2 66. Bc8 Nf4 67. Kd1 h3 68. Bxh3 1/2-1/2